000 00308nam a22001337a 4500
082 _a894.812
_bKRI/P
100 _aKRISHNAN NAIR,MANI
245 _aPREMAVUM STHREEPURUSHA SANKALPPAVUM
250 _aFIRST
260 _aTRIVANDRUM
_bNERUDA BOOKS
_c1996
300 _a51
650 _aSTORY
_zKERALA
942 _cBK
999 _c1815
_d1815